Joueur de ligue 1 aléatoire en A - Statistiques

Statistiques générales
  • Ce quiz a été pris 46 fois
  • Le résultat moyen est 8 sur 16
Statistiques - réponses
Par images Réponse % Correct
Pierre-Emerick Aubameyang
89%
Benjamin André
87%
Sylvain Armand
83%
Romain Alessandrini
76%
Yunis Abdelhamid
70%
Morgan Amalfitano
61%
Aymen Abdennour
59%
Vincent Aboubakar
52%
Jérémie Aliadière
50%
Fabien Audard
46%
Ruben Aguilar
46%
Kossi Agassa
33%
Kevin Anin
22%
Alejandro Alonso
15%
Floyd Ayité
13%
Mehdi Abeid
9%
Aucun quiz correspondant
Distribution des résultats
% des personnes avec chaque résultat
Percentile par nombre de réponses
Votre historique - résultats
Vous n’avez pas pris ce quiz